000 00314nam a22001337a 4500
008 190205b xxu||||| |||| 00| 0 eng d
020 _a9780534123451
041 _aeng
080 _23rd
_a101
100 _a24
101 _aFIL
245 _aA Beginner's guide to scientific method
_cCarey,S.S
942 _2udc
_cBK
999 _c54019
_d54019